Africa Capitals to Country Quiz - Statistics

General Stats
  • This quiz has been taken 315 times
  • The average score is 36 of 54
Answer Stats
Hint Answer % Correct
Algiers Algeria
100%
Cairo Egypt
99%
Djibouti Djibouti
98%
Cape Town/Bloemfontein/ Pretoria South Africa
98%
Tunis Tunisia
97%
São Tomé São Tomé and Príncipe
96%
Bissau Guinea-Bissau
94%
Nairobi Kenya
93%
Addis Ababa Ethiopia
91%
Tripoli Libya
88%
Rabat Morocco
85%
Mogadishu Somalia
80%
Kinshasa Democratic Republic of the Congo
78%
Brazzaville Republic of the Congo
78%
Accra Ghana
76%
Antananarivo Madagascar
76%
Abuja Nigeria
76%
Khartoum Sudan
76%
Windhoek Namibia
75%
Dakar Senegal
75%
Luanda Angola
71%
Harare Zimbabwe
71%
Freetown Sierra Leone
70%
N'Djamena Chad
68%
Victoria Seychelles
68%
Juba South Sudan
66%
Kampala Uganda
66%
Niamey Niger
65%
Ouagadougou Burkina Faso
64%
Monrovia Liberia
62%
Lomé Togo
61%
Kigali Rwanda
60%
Porto-Novo/Cotonou Benin
59%
Port Louis Mauritius
59%
Praia Cape Verde
58%
Dodoma Tanzania
57%
Lusaka Zambia
57%
Lilongwe Malawi
55%
Gaborone Botswana
54%
Yaounde Cameroon
54%
Asmara Eritrea
53%
Libreville Gabon
53%
Bamako Mali
53%
Conakry Guinea
52%
Nouakchott Mauritania
52%
Maputo Mozambique
50%
Moroni Comoros
49%
Mbabane/Lobamba Eswatini
49%
Yamoussoukro Ivory Coast
48%
Bangui Central African Republic
45%
Banjul The Gambia
44%
Gitega Burundi
43%
Maseru Lesotho
41%
Malabo Equatorial Guinea
35%
No matching quizzes found
Score Distribution
Percent of People with Each Score
Percentile by Number Answered
Your Score History
You have not taken this quiz